| 000 | 00377nam a2200133Ia 4500 | ||
|---|---|---|---|
| 008 | 150202s9999 xx 000 0 und d | ||
| 020 | _a671758896 | ||
| 050 |
_aFIC _bFIC |
||
| 100 | _aClark, Mary Higgins. | ||
| 245 |
_aLoves music, loves to dance / _cMary Higgins Clark. |
||
| 260 |
_aNew York : _bPocket Books, _c1991. |
||
| 300 |
_a304 pages : _c18 cm. |
||
| 650 | _aFiction. | ||
| 999 |
_c281918 _d281918 |
||